Equilibrio patrimonial (operacin̤ acorden̤) /

Detalles Bibliográficos
Autor principal: Leach Ros, Mara̕ Blanca
Formato: Desconocido
Lenguaje:español
Publicado: [Madrid] : Editoriales de Derecho Reunidas, D.L. 2001
Colección:Cuadernos mercantiles (Editoriales de Derecho Reunidas)
Materias:
Acceso en línea:Acceso restringido

MARC

LEADER 00000ny a22000003n 4500
005 2011061005095.0
008 020214s2001 sp s 001 0 spa c
017 |a D.L. 50556-2001 
020 |a 9788484940210 
035 |a 1626 
040 |a UMA.DER  |d vlex 
040 |a UMA.DER  |d vlex 
080 |a 347.725(460) 
090 |c 626  |d 626 
100 1 |a Leach Ros, Mara̕ Blanca 
245 1 0 |a Equilibrio patrimonial  |h [Recurso electrn̤ico]  |b (operacin̤ acorden̤) /  |c Mara̕ Blanca Leach Ros 
256 |a Servicio en ln̕ea 
260 |a [Madrid] :  |b Editoriales de Derecho Reunidas,  |c D.L. 2001 
300 |a 292 p. ;  |c 20 cm 
490 1 |a Cuadernos mercantiles ;  |v 17 
504 |a Bibliogr.: p.281-292 
506 1 |a Contenido solo disponible en los productos indicados  |d vLex Global  |d vLex Global (Academic Edition, excluding Law Schools)  |d vLex Global (U.S. Academic Edition, Law Schools)  |d vLex Global (U.S. Academic Edition, excluding Law Schools)  |d vLex Global (Academic Edition, Law Schools) 
650 0 7 |2 Tesauro vLex  |a Capital social 
650 0 7 |2 Tesauro vLex  |a Societario 
740 0 |a vLex Libros (Servicios en ln̕ea) 
830 0 |a Cuadernos mercantiles (Editoriales de Derecho Reunidas) 
856 4 0 |z Acceso restringido  |u http://vlex.com/source/equilibrio-patrimonial-1626 
942 |c BOOK 
999 0 |a Law  |b Madrid